Nghiên cứu Lịch sử
محفوظ في:
| المؤلف الرئيسي: | |
|---|---|
| التنسيق: | كتاب |
| اللغة: | Undetermined |
| منشور في: |
Hà Nội
|
| الموضوعات: | |
| الوصول للمادة أونلاين: | http://lrc.tdmu.edu.vn/opac/search/detail.asp?aID=2&ID=6882 |
| الوسوم: |
إضافة وسم
لا توجد وسوم, كن أول من يضع وسما على هذه التسجيلة!
|
| Thư viện lưu trữ: | Trung tâm Học liệu Trường Đại học Thủ Dầu Một |
|---|
| LEADER | 00638nam a2200157Ia 4500 | ||
|---|---|---|---|
| 001 | TDMU_6882 | ||
| 008 | 210410s9999 xx 000 0 und d | ||
| 082 | |a NULL | ||
| 100 | |a Viện Khoa học Xã hội Việt Nam | ||
| 245 | 0 | |a Nghiên cứu Lịch sử | |
| 245 | 0 | |c Viện Khoa học Xã hội Việt Nam. Viện sử học | |
| 260 | |a Hà Nội | ||
| 300 | |a 80tr | ||
| 650 | |a Tạp chí Nghiên cứu lịch sử ; Tạp chí chuyên ngành lịch sử | ||
| 856 | |u http://lrc.tdmu.edu.vn/opac/search/detail.asp?aID=2&ID=6882 | ||
| 980 | |a Trung tâm Học liệu Trường Đại học Thủ Dầu Một | ||